[Event "EU-chT U18"]
[Site "Terme Catez"]
[Date "2025.07.11"]
[Round "7.1"]
[White "Durak, Can"]
[Black "Bodrogi, Bendeguz"]
[Result "1/2-1/2"]
[WhiteElo "2420"]
[BlackElo "2481"]
[PlyCount "66"]
[EventDate "2025.07.05"]
[EventType "team-swiss"]
[EventRounds "7"]
[EventCountry "SLO"]
[SourceTitle "CB29_2025"]
[SourceDate "2025.07.16"]
[SourceVersion "1"]
[SourceVersionDate "2025.07.16"]
[SourceQuality "1"]
[WhiteTeam "Turkey"]
[BlackTeam "Hungary"]
[WhiteTeamCountry "TUR"]
[BlackTeamCountry "HUN"]

1. e4 e5 2. Nf3 Nc6 3. Bc4 Bc5 4. d3 Nf6 5. Nc3 h6 6. Be3 Bxe3 7. fxe3 d6 8. a3 Be6 9. Rf1 Qd7 10. h3 a6 11. Nd5 Bxd5 12. exd5 Ne7 13. e4 Ng6 14. Nh2 Nf4 15. Qd2 h5 16. h4 c6 17. dxc6 bxc6 18. Ba2 Qb7 19. b4 a5 20. g3 Ne6 21. Bxe6 fxe6 22. Ke2 d5 23. Qg5 0-0 24. Qxe5 dxe4 25. bxa5 exd3+ 26. cxd3 Qb3 27. Rad1 Qxa3 28. Rf3 Nd5 29. Kf1 Qxa5 30. Re1 Rae8 31. Kg2 Qc5 32. Rxf8+ Rxf8 33. Qxe6+ Kh8 1/2-1/2

[Event "EU-chT U18"]
[Site "Terme Catez"]
[Date "2025.07.06"]
[Round "2.1"]
[White "Bodrogi, Bendeguz"]
[Black "Dehtiarov, Roman"]
[Result "0-1"]
[WhiteElo "2481"]
[BlackElo "2416"]
[PlyCount "72"]
[EventDate "2025.07.05"]
[EventType "team-swiss"]
[EventRounds "7"]
[EventCountry "SLO"]
[SourceTitle "CB29_2025"]
[SourceDate "2025.07.16"]
[SourceVersion "1"]
[SourceVersionDate "2025.07.16"]
[SourceQuality "1"]
[WhiteTeam "Hungary"]
[BlackTeam "Ukraine"]
[WhiteTeamCountry "HUN"]
[BlackTeamCountry "UKR"]

1. Nf3 d5 2. g3 g6 3. Bg2 Bg7 4. d4 Nf6 5. 0-0 0-0 6. c4 dxc4 7. Na3 c3 8. bxc3 c5 9. Re1 Nc6 10. e4 Bg4 11. d5 Ne5 12. h3 Bxf3 13. Bxf3 a6 14. Bg2 c4 15. Rb1 b5 16. Nc2 Nd3 17. Re2 Nd7 18. Bd2 N7c5 19. Nd4 Rc8 20. Qc2 Qd6 21. Be3 Na4 22. f4 Qa3 23. Bd2 Bxd4+ 24. cxd4 b4 25. Re3 Nc3 26. Ra1 Nb5 27. Qb1 Nxd4 28. Bf1 Qa4 29. Qd1 Nc2 30. Rb1 Qxa2 31. Re2 Nd4 32. Rg2 Nf3+ 33. Kh1 Nxd2 34. Rxd2 Nf2+ 35. Kg2 Nxd1 36. Rxa2 Nc3 0-1

[Event "Mitropa Cup"]
[Site "Trencin"]
[Date "2025.05.22"]
[Round "9.1"]
[White "Bodrogi, Bendeguz"]
[Black "Pechac, Jergus"]
[Result "1/2-1/2"]
[WhiteElo "2460"]
[BlackElo "2600"]
[PlyCount "81"]
[EventDate "2025.05.14"]
[EventType "team-tourn"]
[EventRounds "9"]
[EventCountry "SVK"]
[SourceTitle "CB22_2025"]
[SourceDate "2025.05.28"]
[SourceVersion "1"]
[SourceVersionDate "2025.05.28"]
[SourceQuality "1"]
[WhiteTeam "Hungary"]
[BlackTeam "Slovakia"]
[WhiteTeamCountry "HUN"]
[BlackTeamCountry "SVK"]

1. Nf3 Nf6 2. g3 g6 3. Bg2 Bg7 4. 0-0 0-0 5. d4 d6 6. Nc3 d5 7. Re1 Ne4 8. Nxe4 dxe4 9. Ng5 Qxd4 10. Qxd4 Bxd4 11. Nxe4 a5 12. Bh6 Re8 13. c3 Bb6 14. a4 Na6 15. Nd2 c6 16. Nc4 Bc7 17. Be3 Be6 18. b3 Rad8 19. Be4 f5 20. Bd3 h5 21. Reb1 Bf7 22. f4 c5 23. Kf2 Kg7 24. h4 Bd5 25. Ra2 Ra8 26. Rd2 Bc6 27. Ne5 Bxe5 28. fxe5 b6 29. Bc4 Nc7 30. Rbd1 Rac8 31. Rd3 b5 32. axb5 Bxb5 33. Bxb5 Nxb5 34. c4 Nc7 35. Bxc5 Ne6 36. Be3 a4 37. bxa4 Rxc4 38. Ra1 f4 39. gxf4 Rf8 40. a5 Nxf4 41. Bxf4 1/2-1/2

[Event "EU-ch 25th"]
[Site "Eforie Nord"]
[Date "2025.03.26"]
[Round "11"]
[White "Bodrogi, Bendeguz"]
[Black "Suleymanli, Suleyman"]
[Result "1-0"]
[WhiteElo "2460"]
[BlackElo "2305"]
[PlyCount "111"]
[EventDate "2025.03.15"]
[EventType "swiss"]
[EventRounds "11"]
[EventCountry "ROU"]
[SourceTitle "CB13_2025"]
[SourceDate "2025.03.26"]
[SourceVersion "1"]
[SourceVersionDate "2025.03.26"]
[SourceQuality "1"]

1. Nf3 d5 2. g3 c6 3. Bg2 Bg4 4. 0-0 Nd7 5. d4 Ngf6 6. c4 e6 7. h3 Bxf3 8. Bxf3 Bd6 9. Nd2 0-0 10. Qc2 Re8 11. Rd1 Rc8 12. Bg2 Qe7 13. Qb3 Rb8 14. e4 dxe4 15. Nxe4 Nxe4 16. Bxe4 e5 17. d5 Nf6 18. Bg2 cxd5 19. cxd5 Nd7 20. Be3 b6 21. Rac1 f5 22. Rc7 Ra8 23. Rdc1 Qf7 24. Qb5 Bxc7 25. Rxc7 Rad8 26. Rxa7 f4 27. Bxb6 Rb8 28. Rxd7 Rxb6 29. Qxb6 Qxd7 30. Qc6 Qd8 31. d6 fxg3 32. fxg3 g6 33. b4 Rf8 34. Qd5+ Kg7 35. Qxe5+ Qf6 36. Qxf6+ Kxf6 37. Bc6 Ke6 38. d7 Kd6 39. b5 Kc5 40. h4 Kb4 41. Kg2 Ka3 42. Kh3 Kb4 43. Kg4 h6 44. Be4 Kxb5 45. Bxg6 Kc6 46. Be8 Kc7 47. Kh5 Rf3 48. g4 Rf4 49. g5 hxg5 50. hxg5 Rf2 51. g6 Rh2+ 52. Kg5 Rxa2 53. g7 Rg2+ 54. Kh6 Rh2+ 55. Bh5 Rg2 56. Bg6 1-0

[Event "EU-ch 25th"]
[Site "Eforie Nord"]
[Date "2025.03.20"]
[Round "6"]
[White "Ipek, Egehan"]
[Black "Bodrogi, Bendeguz"]
[Result "0-1"]
[WhiteElo "2221"]
[BlackElo "2460"]
[PlyCount "134"]
[EventDate "2025.03.15"]
[EventType "swiss"]
[EventRounds "11"]
[EventCountry "ROU"]
[SourceTitle "CB13_2025"]
[SourceDate "2025.03.26"]
[SourceVersion "1"]
[SourceVersionDate "2025.03.26"]
[SourceQuality "1"]

1. Nf3 d5 2. g3 e6 3. d4 Nf6 4. c4 Be7 5. Bg2 0-0 6. 0-0 dxc4 7. Qc2 c6 8. Qxc4 b5 9. Qb3 Nbd7 10. Ne5 Nxe5 11. dxe5 Nd5 12. Nc3 a5 13. Rd1 Qc7 14. Nxd5 cxd5 15. Bf4 a4 16. Qf3 Bb7 17. Rac1 Qd7 18. e4 d4 19. Be3 Rac8 20. Rxc8 Qxc8 21. Bxd4 Qc2 22. Qd3 Qxd3 23. Rxd3 Rd8 24. Kf1 Bc5 25. Bxc5 Rxd3 26. Ke2 Rd8 27. b4 f5 28. f3 fxe4 29. fxe4 a3 30. Bf3 g5 31. Ke3 h6 32. Be2 Bc6 33. Bg4 Bd7 34. Be2 Kg7 35. h3 Kg6 36. g4 Kf7 37. Bd3 Bc6 38. Bc2 Ke8 39. Bb3 Kd7 40. Bd1 Rh8 41. Bd6 Bb7 42. Be2 Kc6 43. Bc5 Bc8 44. Bd6 Bd7 45. Be7 Be8 46. Bd8 Rh7 47. Bf6 Kb6 48. Bd1 Kc7 49. Bb3 Kd7 50. Bd1 Bg6 51. Be2 Kc6 52. Bd1 Kb7 53. Bb3 Bf7 54. Bd1 Ka6 55. Bb3 Bg8 56. Kd2 Rd7+ 57. Ke3 Kb7 58. h4 gxh4 59. Bxh4 Rg7 60. Bd1 Rc7 61. Kd2 Rd7+ 62. Kc2 Bh7 63. Bf3 Ka6 64. Be1 Rf7 65. Be2 Bxe4+ 66. Kb3 Bf3 67. Bd3 Bxg4 0-1

[Event "EU-ch 25th"]
[Site "Eforie Nord"]
[Date "2025.03.19"]
[Round "5"]
[White "Bodrogi, Bendeguz"]
[Black "Sachilaru, Alexandru"]
[Result "1/2-1/2"]
[WhiteElo "2460"]
[BlackElo "2316"]
[PlyCount "97"]
[EventDate "2025.03.15"]
[EventType "swiss"]
[EventRounds "11"]
[EventCountry "ROU"]
[SourceTitle "CB13_2025"]
[SourceDate "2025.03.26"]
[SourceVersion "1"]
[SourceVersionDate "2025.03.26"]
[SourceQuality "1"]

1. Nf3 d5 2. g3 c6 3. Bg2 Bg4 4. 0-0 Nf6 5. d4 e6 6. h3 Bf5 7. c4 Bd6 8. Nc3 0-0 9. Nh4 Bg6 10. Nxg6 hxg6 11. Qb3 Qc8 12. e4 Nxe4 13. Nxe4 dxe4 14. Bxe4 Nd7 15. Be3 Nf6 16. Bg2 Rd8 17. Rfd1 Rd7 18. Rac1 Qe8 19. Re1 Qf8 20. Qa4 a6 21. a3 Rad8 22. b4 Bb8 23. Red1 e5 24. d5 cxd5 25. cxd5 e4 26. Bb6 Rc8 27. Rxc8 Qxc8 28. Qb3 Bc7 29. Be3 Qd8 30. Bg5 Bb6 31. h4 Qb8 32. Bxf6 gxf6 33. Bxe4 Qe5 34. Bg2 Rc7 35. d6 Rc3 36. Qb2 Rd3 37. Qc2 Rxd1+ 38. Qxd1 Qxg3 39. Qd2 Qxh4 40. d7 f5 41. Bxb7 f4 42. a4 Qg4+ 43. Kf1 Bd8 44. Qd3 f3 45. Bxf3 Qxb4 46. Qxa6 Kg7 47. Qc6 Qd4 48. Qd5 Qxa4 49. Kg2 1/2-1/2

[Event "HUN-ch U20"]
[Site "Budapest"]
[Date "2025.02.11"]
[Round "9"]
[White "Bodrogi, Bendeguz"]
[Black "Palczert, Matyas"]
[Result "1-0"]
[WhiteElo "2451"]
[BlackElo "2409"]
[PlyCount "137"]
[EventDate "2025.02.03"]
[EventType "tourn"]
[EventRounds "9"]
[EventCountry "HUN"]
[EventCategory "4"]
[SourceTitle "CB07_2025"]
[SourceDate "2025.02.12"]
[SourceVersion "1"]
[SourceVersionDate "2025.02.12"]
[SourceQuality "1"]

1. Nf3 Nf6 2. g3 d5 3. Bg2 e6 4. 0-0 Be7 5. d3 0-0 6. Bf4 Nc6 7. d4 Bd6 8. e3 Bxf4 9. exf4 Ne8 10. h4 Nd6 11. Ne5 Nxe5 12. fxe5 Nf5 13. Bh3 Ne7 14. f4 c5 15. dxc5 b6 16. c6 Nxc6 17. Nd2 Ba6 18. Rf2 Qe7 19. Nb3 Rac8 20. Qd2 Rfd8 21. Bg2 Bc4 22. Nd4 Nxd4 23. Qxd4 Ba6 24. Qa4 Qb7 25. Rd1 g6 26. Rd4 Rc5 27. c4 Qc8 28. cxd5 exd5 29. Kh2 Rc4 30. Qd1 Rxd4 31. Qxd4 Qc5 32. Rd2 Bb7 33. Qa4 b5 34. Qd4 Qxd4 35. Rxd4 Kf8 36. g4 Bc8 37. Kg3 Be6 38. Bf1 a6 39. Bd3 Bc8 40. f5 Ke7 41. Kf4 gxf5 42. gxf5 f6 43. a4 bxa4 44. Rxa4 Rd7 45. Rb4 Rb7 46. Rxb7+ Bxb7 47. b4 Bc8 48. e6 Bb7 49. Ke3 Kd6 50. Kd4 Bc8 51. Bc2 Bb7 52. Ba4 Bc8 53. Be8 Bb7 54. Bd7 h6 55. Ba4 Ba8 56. Be8 Ke7 57. Bd7 Bb7 58. Kc5 d4 59. Kxd4 Kd6 60. Ba4 Bg2 61. Bc2 Bf1 62. Bd3 Bh3 63. Ke3 Bg2 64. Bxa6 Ke5 65. b5 Kd6 66. b6 Bd5 67. Kd4 Bc6 68. b7 Kc7 69. Kc5 1-0

[Event "HUN-ch U20"]
[Site "Budapest"]
[Date "2025.02.10"]
[Round "8"]
[White "Matyassy, Lazar"]
[Black "Bodrogi, Bendeguz"]
[Result "0-1"]
[WhiteElo "2261"]
[BlackElo "2451"]
[PlyCount "88"]
[EventDate "2025.02.03"]
[EventType "tourn"]
[EventRounds "9"]
[EventCountry "HUN"]
[EventCategory "4"]
[SourceTitle "CB07_2025"]
[SourceDate "2025.02.12"]
[SourceVersion "1"]
[SourceVersionDate "2025.02.12"]
[SourceQuality "1"]

1. e4 c6 2. Nf3 d5 3. d3 g6 4. exd5 cxd5 5. d4 Nc6 6. c3 Nf6 7. Bf4 Bg7 8. Bd3 Bf5 9. Bxf5 gxf5 10. Ne5 Qb6 11. Nd3 0-0 12. 0-0 Ne4 13. Nd2 e6 14. Nf3 Ne7 15. Qe2 Ng6 16. Rad1 Qa6 17. a3 Nxf4 18. Nxf4 Qxe2 19. Nxe2 Rfc8 20. Nf4 b5 21. Nd3 a5 22. Nfe5 Rc7 23. Ra1 Bf8 24. a4 Nd2 25. axb5 Nxf1 26. Kxf1 Rb7 27. Ra4 Rxb5 28. Ke2 Rc8 29. Kd2 f6 30. Nd7 Be7 31. Kc2 Kf7 32. f4 Rg8 33. g3 h5 34. Ra1 h4 35. Rg1 hxg3 36. Rxg3 Rxg3 37. hxg3 Ke8 38. N7c5 Bxc5 39. dxc5 a4 40. Kb1 Ke7 41. Ka2 e5 42. fxe5 fxe5 43. Nxe5 Rxc5 44. g4 Kd6 0-1

[Event "HUN-ch U20"]
[Site "Budapest"]
[Date "2025.02.09"]
[Round "7"]
[White "Bodrogi, Bendeguz"]
[Black "Szegedy, Matyas"]
[Result "1-0"]
[WhiteElo "2451"]
[BlackElo "2272"]
[PlyCount "83"]
[EventDate "2025.02.03"]
[EventType "tourn"]
[EventRounds "9"]
[EventCountry "HUN"]
[EventCategory "4"]
[SourceTitle "CB07_2025"]
[SourceDate "2025.02.12"]
[SourceVersion "1"]
[SourceVersionDate "2025.02.12"]
[SourceQuality "1"]

1. Nf3 Nf6 2. g3 b6 3. Bg2 Bb7 4. 0-0 g6 5. c4 Bg7 6. d4 0-0 7. d5 Na6 8. Nc3 Nc5 9. Qc2 c6 10. Rd1 cxd5 11. cxd5 e6 12. e4 exd5 13. exd5 Rc8 14. Nd4 a6 15. Bf4 b5 16. Nc6 dxc6 17. dxc6 Qb6 18. cxb7 Nxb7 19. Be3 Qc7 20. Rac1 Rfe8 21. Qb1 Qe7 22. b4 Rc4 23. a3 Ng4 24. Nd5 Qe5 25. Rxc4 bxc4 26. Bb6 c3 27. Qc2 Nd6 28. h3 Qe2 29. Qxe2 Rxe2 30. Nxc3 Bxc3 31. hxg4 Nb5 32. a4 Na3 33. Bc5 Re8 34. b5 Nxb5 35. axb5 axb5 36. Rd7 Rc8 37. Bd6 f5 38. gxf5 gxf5 39. Bd5+ Kh8 40. Be6 f4 41. Bxf4 b4 42. Rxh7+ 1-0

[Event "HUN-ch U20"]
[Site "Budapest"]
[Date "2025.02.03"]
[Round "1"]
[White "Bodrogi, Bendeguz"]
[Black "Pasti, Aron"]
[Result "0-1"]
[WhiteElo "2451"]
[BlackElo "2366"]
[PlyCount "94"]
[EventDate "2025.02.03"]
[EventType "tourn"]
[EventRounds "9"]
[EventCountry "HUN"]
[EventCategory "4"]
[SourceTitle "CB07_2025"]
[SourceDate "2025.02.12"]
[SourceVersion "1"]
[SourceVersionDate "2025.02.12"]
[SourceQuality "1"]

1. Nf3 c5 2. c4 Nc6 3. Nc3 g6 4. e3 Bg7 5. d4 d6 6. d5 Ne5 7. Nd2 f5 8. f4 Nf7 9. Bd3 Nf6 10. e4 fxe4 11. Ndxe4 0-0 12. 0-0 e6 13. Kh1 Nh6 14. dxe6 Bxe6 15. Ng5 Bd7 16. Be3 Bc6 17. Qd2 Qd7 18. Rad1 Rae8 19. Bg1 a6 20. Bc2 Nf5 21. Nd5 b5 22. Nxf6+ Bxf6 23. cxb5 axb5 24. Bxf5 Qxf5 25. Qxd6 Ba8 26. Qxc5 Re2 27. Nf3 Qxf4 28. Rf2 Rxb2 29. Rxb2 Bxb2 30. Rf1 Qc4 31. Qxc4+ bxc4 32. a4 g5 33. h3 h5 34. Rf2 c3 35. Nd4 Be4 36. Rxf8+ Kxf8 37. Be3 g4 38. hxg4 hxg4 39. a5 c2 40. Nb3 Bd5 41. Nc1 Bc4 42. Kh2 Be5+ 43. g3 Bc3 44. Kg2 Be1 45. a6 Bxa6 46. Nb3 Kf7 47. Bf2 Bd2 0-1

[Event "Wch U16 blitz"]
[Site "Terme Catez"]
[Date "2024.12.16"]
[Round "21"]
[White "Bodrogi, Bendeguz"]
[Black "Kozlovic, Jernej"]
[Result "1-0"]
[WhiteElo "2229"]
[BlackElo "2196"]
[PlyCount "55"]
[EventDate "2024.12.16"]
[EventType "swiss (blitz)"]
[EventRounds "22"]
[EventCountry "SLO"]
[SourceTitle "CB51_2024"]
[SourceDate "2024.12.18"]
[SourceVersion "1"]
[SourceVersionDate "2024.12.18"]
[SourceQuality "1"]

1. e4 e5 2. Nf3 Nc6 3. Bc4 Bc5 4. 0-0 Nf6 5. Re1 d6 6. c3 0-0 7. d4 Bb6 8. dxe5 Nxe5 9. Nxe5 dxe5 10. Qxd8 Rxd8 11. Bg5 h6 12. Bxf6 gxf6 13. Na3 Bg4 14. h3 Rd2 15. hxg4 Bxf2+ 16. Kf1 Bxe1 17. Rxe1 Rxb2 18. Re2 Rxe2 19. Kxe2 c6 20. Nc2 a5 21. Ne3 Kg7 22. Nf5+ Kg6 23. Nd6 b5 24. Bxf7+ Kg5 25. Be6 b4 26. g3 Rb8 27. Bf5 h5 28. Nf7# 1-0

[Event "Wch U16 blitz"]
[Site "Terme Catez"]
[Date "2024.12.16"]
[Round "3"]
[White "Daulet, Alikhan"]
[Black "Bodrogi, Bendeguz"]
[Result "1/2-1/2"]
[WhiteElo "2046"]
[BlackElo "2229"]
[PlyCount "127"]
[EventDate "2024.12.16"]
[EventType "swiss (blitz)"]
[EventRounds "22"]
[EventCountry "SLO"]
[SourceTitle "CB51_2024"]
[SourceDate "2024.12.18"]
[SourceVersion "1"]
[SourceVersionDate "2024.12.18"]
[SourceQuality "1"]

1. d4 d5 2. c4 e6 3. Nc3 a6 4. cxd5 exd5 5. Nf3 h6 6. Bf4 Nf6 7. e3 Bd6 8. Bxd6 Qxd6 9. Bd3 0-0 10. 0-0 Nc6 11. Rc1 Ne7 12. Qc2 g6 13. Ne2 c6 14. Ng3 Kg7 15. Ne5 h5 16. f3 h4 17. Ne2 Bf5 18. e4 dxe4 19. fxe4 Be6 20. h3 Nd7 21. Nf3 f5 22. e5 Qc7 23. Nf4 Bg8 24. Qf2 Nd5 25. Qxh4 Nxf4 26. Qxf4 Bd5 27. Nh4 Qd8 28. Qg3 Qe8 29. Nxf5+ Kh7 30. Nd6 Qe6 31. Nxb7 Rab8 32. Rxf8 Rxf8 33. Na5 c5 34. dxc5 Nxe5 35. Re1 Re8 36. Be2 Qe7 37. Nb3 Bxb3 38. Qxb3 Qxc5+ 39. Kh2 Qf2 40. Qg3 Qxg3+ 41. Kxg3 Nd3 42. Rd1 Rxe2 43. Rxd3 Rxb2 44. Ra3 Rb6 45. Kf4 Kh6 46. g4 Re6 47. h4 Rf6+ 48. Ke5 Rb6 49. Kf4 Rb4+ 50. Kg3 Rb6 51. Re3 Rc6 52. Kf4 Rc4+ 53. Re4 Rc2 54. Ra4 Rc6 55. Ke5 Rb6 56. Kd5 Rb5+ 57. Kc6 Rb2 58. a3 Rg2 59. Kb6 Rh2 60. g5+ Kh5 61. Kxa6 Rb2 62. Rb4 Ra2 63. a4 Rxa4+ 64. Rxa4 1/2-1/2

[Event "Wch U16 rapid"]
[Site "Terme Catez"]
[Date "2024.12.14"]
[Round "2"]
[White "Bodrogi, Bendeguz"]
[Black "Konjevic, Nikola"]
[Result "1-0"]
[WhiteElo "2315"]
[BlackElo "2062"]
[PlyCount "79"]
[EventDate "2024.12.14"]
[EventType "swiss (rapid)"]
[EventRounds "11"]
[EventCountry "SLO"]
[SourceTitle "CB51_2024"]
[SourceDate "2024.12.18"]
[SourceVersion "1"]
[SourceVersionDate "2024.12.18"]
[SourceQuality "1"]

1. b3 d5 2. Bb2 Bf5 3. Nf3 Nf6 4. g3 e6 5. Bg2 h6 6. 0-0 Be7 7. c4 c6 8. d3 0-0 9. Nbd2 Bh7 10. a3 a5 11. Ra2 Nbd7 12. Qa1 Re8 13. Ne5 Bf8 14. Ndf3 Nxe5 15. Bxe5 Nd7 16. Bc3 Qb6 17. Rb1 Qa6 18. Nd2 Bg6 19. Rbb2 Qa7 20. Rc2 Rad8 21. b4 a4 22. Rc1 Qb8 23. Rb2 Qd6 24. c5 Qe7 25. d4 e5 26. e3 exd4 27. Bxd4 Ne5 28. Bxe5 Qxe5 29. Nf3 Qf6 30. Nd4 Be4 31. b5 Bxg2 32. Kxg2 cxb5 33. Rxb5 Rc8 34. Qb1 Qe5 35. Qb4 Qe4+ 36. Kg1 Qd3 37. Rxb7 g6 38. Qxa4 Qd2 39. Rd1 Qc3 40. Qd7 1-0

[Event "Wch U16 rapid"]
[Site "Terme Catez"]
[Date "2024.12.14"]
[Round "4"]
[White "Bodrogi, Bendeguz"]
[Black "Kozlovic, Jernej"]
[Result "0-1"]
[WhiteElo "2315"]
[BlackElo "2210"]
[PlyCount "152"]
[EventDate "2024.12.14"]
[EventType "swiss (rapid)"]
[EventRounds "11"]
[EventCountry "SLO"]
[SourceTitle "CB51_2024"]
[SourceDate "2024.12.18"]
[SourceVersion "1"]
[SourceVersionDate "2024.12.18"]
[SourceQuality "1"]

1. d4 d5 2. Nf3 c5 3. e3 cxd4 4. exd4 Nc6 5. h3 Bf5 6. a3 e6 7. Bd3 Bxd3 8. Qxd3 Nf6 9. Bf4 Bd6 10. Bxd6 Qxd6 11. 0-0 0-0 12. Nbd2 Rfc8 13. Rfe1 Qc7 14. c3 Rab8 15. g3 a5 16. a4 Qb6 17. Kg2 Qa6 18. Qxa6 bxa6 19. Rab1 Rb7 20. Re3 Ne7 21. g4 h5 22. Kg3 Rcb8 23. b3 hxg4 24. hxg4 Ne4+ 25. Kg2 Ng6 26. Nxe4 dxe4 27. Nd2 Nf4+ 28. Kf1 Nd5 29. Rh3 f5 30. gxf5 exf5 31. c4 Nf4 32. Rc3 Kf7 33. d5 Rh8 34. Rg3 Rb6 35. c5 Rh1+ 36. Rg1 Rxg1+ 37. Kxg1 Rg6+ 38. Kf1 Rh6 39. Ke1 Nxd5 40. Rc1 e3 41. Nf1 exf2+ 42. Kxf2 Ke6 43. Re1+ Kf6 44. c6 Rh8 45. Ne3 Nb4 46. Rd1 Rc8 47. Rd6+ Kg5 48. Rd7 Rxc6 49. Rxg7+ Kf6 50. Rg8 Nd3+ 51. Ke2 Nf4+ 52. Kf3 Ne6 53. Nc4 Nd4+ 54. Kf4 Nxb3 55. Ne3 Nd4 56. Rf8+ Ke6 57. Nxf5 Nxf5 58. Rxf5 Rc4+ 59. Kg5 Rxa4 60. Rf6+ Ke5 61. Rxa6 Ra1 62. Kg4 Ke4 63. Kg3 a4 64. Kf2 Kd3 65. Rf6 Rc1 66. Ra6 Rc4 67. Ke1 Kc2 68. Ke2 Re4+ 69. Kf3 Rb4 70. Ke2 Kb2 71. Rd6 a3 72. Rd2+ Kb3 73. Rd3+ Ka4 74. Rd8 a2 75. Kd2 Kb3 76. Ra8 Kb2 0-1

[Event "Wch U16 rapid"]
[Site "Terme Catez"]
[Date "2024.12.14"]
[Round "3"]
[White "Warchol, Kamil"]
[Black "Bodrogi, Bendeguz"]
[Result "0-1"]
[WhiteElo "2131"]
[BlackElo "2315"]
[PlyCount "59"]
[EventDate "2024.12.14"]
[EventType "swiss (rapid)"]
[EventRounds "11"]
[EventCountry "SLO"]
[SourceTitle "CB51_2024"]
[SourceDate "2024.12.18"]
[SourceVersion "1"]
[SourceVersionDate "2024.12.18"]
[SourceQuality "1"]

1. e4 c6 2. d4 d5 3. e5 c5 4. Nf3 cxd4 5. Nxd4 Nc6 6. Nxc6 bxc6 7. Bd3 Ba6 8. 0-0 Bxd3 9. Qxd3 e6 10. Nd2 Ne7 11. Nf3 Nf5 12. c3 Be7 13. b4 0-0 14. Bd2 c5 15. a3 Qc7 16. Rfc1 Rfd8 17. c4 Rac8 18. Qe2 Qb7 19. Rab1 Qa6 20. b5 Qxa3 21. Ra1 Qb2 22. Rxa7 dxc4 23. Qe1 Qxb5 24. Rb1 Qe8 25. Rbb7 Ra8 26. Qa1 h6 27. h3 Rxa7 28. Qxa7 Bf8 29. Qa6 Nh4 30. Nxh4 0-1

[Event "Budapest SixDays 11 GM"]
[Site "Budapest"]
[Date "2024.11.23"]
[Round "2"]
[White "Bodrogi, Bendeguz"]
[Black "Cvek, Robert"]
[Result "1/2-1/2"]
[WhiteElo "2358"]
[BlackElo "2437"]
[PlyCount "75"]
[EventDate "2024.11.22"]
[EventType "tourn"]
[EventRounds "9"]
[EventCountry "HUN"]
[EventCategory "6"]
[SourceTitle "CB49_2024"]
[SourceDate "2024.12.04"]
[SourceVersion "1"]
[SourceVersionDate "2024.12.04"]
[SourceQuality "1"]

1. Nf3 d5 2. g3 Nf6 3. Bg2 e6 4. 0-0 Be7 5. d4 0-0 6. c4 c6 7. Nc3 b6 8. b3 Bb7 9. Bb2 Nbd7 10. Nd2 c5 11. dxc5 Nxc5 12. b4 Nce4 13. Ncxe4 Nxe4 14. Nxe4 dxe4 15. a3 Qc7 16. Qc2 f5 17. e3 Rfc8 18. Rfc1 a5 19. Rab1 axb4 20. axb4 Bc6 21. Bf1 Ba4 22. Qc3 Bf6 23. Qe1 Bxb2 24. Rxb2 Qe5 25. Qc3 Qxc3 26. Rxc3 Be8 27. Rc1 Kf8 28. h4 Ke7 29. Be2 Ra7 30. Kf1 e5 31. Ke1 Bf7 32. c5 bxc5 33. bxc5 Rac7 34. Rb5 Bd5 35. Ra5 g6 36. Bd1 h6 37. Ba4 Bc6 38. Bd1 1/2-1/2

[Event "EU-ch 24th"]
[Site "Petrovac"]
[Date "2024.11.13"]
[Round "6"]
[White "Bodrogi, Bendeguz"]
[Black "Olsen, Filip Boe"]
[Result "1-0"]
[WhiteElo "2358"]
[BlackElo "2470"]
[PlyCount "87"]
[EventDate "2024.11.08"]
[EventType "swiss"]
[EventRounds "11"]
[EventCountry "MNE"]
[SourceTitle "CB47_2024"]
[SourceDate "2024.11.20"]
[SourceVersion "1"]
[SourceVersionDate "2024.11.20"]
[SourceQuality "1"]

1. Nf3 d5 2. g3 Nf6 3. Bg2 e6 4. 0-0 Bd6 5. d4 0-0 6. c4 h6 7. Nc3 Nc6 8. b3 dxc4 9. bxc4 e5 10. e3 Re8 11. h3 Bf5 12. c5 Bf8 13. Bb2 exd4 14. exd4 Qd7 15. g4 Bh7 16. Qb3 Rab8 17. Rad1 Na5 18. Qb4 Nc6 19. Qa3 Qc8 20. Qa4 a6 21. Ne5 Nxe5 22. dxe5 Rxe5 23. Nd5 Rg5 24. Bxf6 gxf6 25. Nxf6+ Kg7 26. Nd7 Kg8 27. Rfe1 c6 28. Qf4 Ra8 29. Nf6+ Kg7 30. Nxh7 Kxh7 31. Qxf7+ Rg7 32. Be4+ Kh8 33. Qf6 Kg8 34. Bf5 Qc7 35. Kh1 Re7 36. Be6+ Kh7 37. Bf5+ Kg8 38. Qg6+ Bg7 39. Rxe7 Qxe7 40. Rd7 Qf6 41. Qh7+ Kf8 42. Rd6 Qc3 43. Be6 Ke7 44. Rd7+ 1-0

[Event "EU-ch 24th"]
[Site "Petrovac"]
[Date "2024.11.12"]
[Round "5"]
[White "Samadov, Read"]
[Black "Bodrogi, Bendeguz"]
[Result "1-0"]
[WhiteElo "2490"]
[BlackElo "2358"]
[PlyCount "101"]
[EventDate "2024.11.08"]
[EventType "swiss"]
[EventRounds "11"]
[EventCountry "MNE"]
[SourceTitle "CB47_2024"]
[SourceDate "2024.11.20"]
[SourceVersion "1"]
[SourceVersionDate "2024.11.20"]
[SourceQuality "1"]

1. Nf3 d5 2. g3 b6 3. Bg2 Bb7 4. c4 dxc4 5. Na3 e6 6. Nxc4 Nd7 7. 0-0 Be7 8. d3 Ngf6 9. Bd2 c5 10. a4 0-0 11. Qb3 Qc8 12. Rfc1 Bc6 13. e4 Bd8 14. Qa3 a5 15. Nfe5 Nxe5 16. Nxe5 Bb7 17. Qb3 Rb8 18. Nc4 Ba8 19. Rd1 Bc7 20. Bc3 Nd7 21. Rac1 Bc6 22. Qc2 Qa6 23. Ra1 Bd8 24. Qe2 Qa8 25. f4 Bf6 26. e5 Be7 27. Bxc6 Qxc6 28. Qe4 Qc7 29. Rf1 Rbd8 30. f5 exf5 31. Rxf5 Nb8 32. e6 f6 33. Ne3 Nc6 34. Nd5 Qd6 35. Raf1 Nd4 36. Bxd4 cxd4 37. R1f4 Rde8 38. Rh5 g6 39. Rg4 f5 40. Rxf5 Rxf5 41. Qxf5 Rf8 42. Qe4 Qc5 43. Kg2 Rd8 44. Rxg6+ hxg6 45. Qxg6+ Kh8 46. Qh5+ Kg7 47. Qf7+ Kh6 48. Nxe7 Qc2+ 49. Kh3 Qxd3 50. Nf5+ Kg5 51. Qg7+ 1-0

[Event "EU-ch 24th"]
[Site "Petrovac"]
[Date "2024.11.11"]
[Round "4"]
[White "Bodrogi, Bendeguz"]
[Black "Kjartansson, Gudmundur"]
[Result "1-0"]
[WhiteElo "2358"]
[BlackElo "2470"]
[PlyCount "93"]
[EventDate "2024.11.08"]
[EventType "swiss"]
[EventRounds "11"]
[EventCountry "MNE"]
[SourceTitle "CB47_2024"]
[SourceDate "2024.11.20"]
[SourceVersion "1"]
[SourceVersionDate "2024.11.20"]
[SourceQuality "1"]

1. Nf3 Nf6 2. g3 b5 3. Bg2 Bb7 4. d4 e6 5. 0-0 c5 6. Bg5 cxd4 7. Nxd4 Bxg2 8. Kxg2 Qb6 9. Bxf6 gxf6 10. e4 Nc6 11. c3 h5 12. h4 Bc5 13. Nb3 Ke7 14. N1d2 Rag8 15. a4 Bd6 16. Qe2 a6 17. axb5 axb5 18. Nf3 Rg4 19. Nbd4 Rb8 20. Rfd1 Qb7 21. Nh2 Rgg8 22. Nxc6+ Qxc6 23. Rd3 Bc5 24. Rad1 Rb7 25. Rd5 Bxf2 26. Rd6 Qxd6 27. Rxd6 Bxg3 28. Rd1 b4 29. c4 b3 30. Kh1 Bxh4 31. Qxh5 Bg5 32. e5 Rbb8 33. exf6+ Bxf6 34. Qc5+ Ke8 35. Qc7 Rd8 36. c5 Rg5 37. Nf3 Rf5 38. Kg2 Bxb2 39. c6 Rd5 40. Rxd5 exd5 41. Ne5 Ke7 42. Nxd7 Rg8+ 43. Kf3 Bd4 44. Ne5+ Ke6 45. Qxf7+ Kxe5 46. Qxg8 b2 47. Qb8+ 1-0